Between fixity and flux /

Bibliographic Details
Main Author: Costello, Mary Cleophas, Sister, 1905-
Format: Thesis Book
Language:English
Published: Washington : Catholic Univ. of American Press, [1966]
Subjects:

MARC

Tag First Indicator Second Indicator Subfields
LEADER 00000cam a2200000 4500
001 in00000030868
005 20151007063048.0
008 800702c19661947dcu b 00000 eng d
035 |a (OCoLC)06480155 
035 |9 AAD6460AM 
040 |a TXA  |c TXA  |d UtOrBLW 
049 |a TXAM  |c [468296] 
090 |a PS3509.L43  |b Z65 
092 |a 811.09  |b C841b 
100 1 |a Costello, Mary Cleophas,  |c Sister,  |d 1905- 
245 1 0 |a Between fixity and flux /  |c a study of the concept of poetry in the criticism of T. S. Eliot. 
264 1 |a Washington :  |b Catholic Univ. of American Press,  |c [1966] 
264 4 |c [©1947] 
300 |a vi, 122 pages ;  |c 23 cm. 
336 |a text  |b txt  |2 rdacontent 
337 |a unmediated  |b n  |2 rdamedia 
338 |a volume  |b nc  |2 rdacarrier 
502 |c Catholic Univ. of American. 
504 |a "Selected bibliography": pages 111-117. 
600 1 0 |a Eliot, T. S.  |q (Thomas Stearns),  |d 1888-1965. 
650 0 |a Poetry. 
999 |a MARS 
999 f f |s fa52a7f5-0d03-3752-8248-3ff4e72c12bc  |i 64d672c7-40c8-3746-81e5-ddf81b7e8ac0  |t 0 
952 f f |p ric  |a Texas A&M University  |b Rellis Campus  |c Joint Library Facility  |d Remote Storage  |t 0  |e PS3509.L43 Z65  |h Library of Congress classification  |i unmediated -- volume  |m A14801222864 
998 f f |a PS3509.L43 Z65  |t 0  |l Remote Storage